LEADER 01576nam 2200385z- 450 001 9910689877303321 005 20161209104716.0 035 $a(CKB)5860000000022197 035 $a(BIP)012349554 035 $a(EXLCZ)995860000000022197 100 $a20220406c2004uuuu -u- - 101 0 $aeng 200 10$aEnsuring the U.S. intelligence community supports homeland defense and departmental needs $ehearing before the Committee on Governmental Affairs, United States Senate, One Hundred Eighth Congress, second session, September 13, 2004 215 $a1 online resource (iii, 67 p.) 311 $a0-16-074228-5 517 $aEnsuring the U.S. intelligence community supports homeland defense and departmental needs 606 $aIntelligence service$zUnited States$xEvaluation 606 $aNational security$zUnited States 606 $aTerrorism$zUnited States$xPrevention 606 $aTerrorism$xGovernment policy$zUnited States 606 $aExecutive departments$zUnited States$xReorganization 610 $aIntelligence service 610 $aNational security 610 $aTerrorism 610 $aExecutive departments 610 $aPolitical science 615 0$aIntelligence service$xEvaluation. 615 0$aNational security 615 0$aTerrorism$xPrevention. 615 0$aTerrorism$xGovernment policy 615 0$aExecutive departments$xReorganization. 906 $aBOOK 912 $a9910689877303321 996 $aEnsuring the U.S. intelligence community supports homeland defense and departmental needs$93142210 997 $aUNINA LEADER 02207nam0 22003973i 450 001 GEA0092819 005 20251003044155.0 100 $a20040413d2004 ||||0itac50 ba 101 | $aita 102 $ait 181 1$6z01$ai $bxxxe 182 1$6z01$an 200 1 $aˆLe ‰competenze professionali degli ingegneri secondo il D.P.R. 328/2001$f[redatto da Lorenzo Passeri e Emanuele Palumbo$gcon il coordinamento di Massimiliano Pittau] 210 $aRoma$cCentro studi Consiglio nazionale degli ingegneri$dstampa 2004 215 $a71 p.$d24 cm. 225 | $aCentro studi C.N.I$v58/2003 410 0$1001MIL0463976$12001 $aCentro studi C.N.I$v58/2003$171201$aConsiglio nazionale ingegneri$b : Centro studi$3CFIV195085 606 $aIngegneri$xOrdinamento professionale$2FIR$3MILC033574$9I 676 $a344.4501762$9DIRITTO DEL LAVORO. Ingegneri e professioni affini. Italia$v21 676 $a620.0023$9Ingegneria e attività affini. Il soggetto come professione, occupazione, passatempo$v14 696 $aOrdinamento della professione 699 $aOrdinamento professionale$yOrdinamento della professione 702 1$aPasseri$b, Lorenzo$3MILV238379 702 1$aPittau$b, Massimiliano$3SGEV005734 702 1$aPalumbo$b, Emanuele$c $3UFIV143119 712 01$aConsiglio nazionale ingegneri$b : Centro studi$3CFIV195085 791 02$aC.N.I.$b : Centro studi$3CFIV195086$zConsiglio nazionale ingegneri : Centro studi 791 02$aConsiglio nazionale degli Ingegneri$b : Centro studi$3VEAV309836$zConsiglio nazionale ingegneri : Centro studi 801 3$aIT$bIT-000000$c20040413 850 $aIT-BN0095 $aIT-NA0079 901 $bNAP BN$cMISC. $nLa consegna dei documenti è effettuata dall'Ufficio Distribuzione 912 $aGEA0092819 950 0$aBiblioteca Centralizzata di Ateneo$cv.1-2;14-15;17-21;23;26-33;36-38;40;44-45;47-49;51-52;54-58;64;69;72;74-75;78;81;83;85-86;88;91;95-101-104;116-131$d 01COLL. ITA CNI$e 0102 0000053945 VMA (0058 v. 58$fY $h20040420$i20040420 977 $a 01$a BN 996 $aCompetenze professionali degli ingegneri secondo il D.P.R. 328$9104958 997 $aUNISANNIO